000 00636nam a22001937a 4500
003 BUBTL
008 211003b ||||| |||| 00| 0 eng d
020 _a9789843319869
082 _a346.41066/ Al117c/ 1997
100 _94236
_a আলম, আহমদ ফখরুল
245 _aকোম্পানী আইন /
_cআহমদ ফখরুল আলম
250 _a1st ed.
260 _aঢাকা :
_bকামরুল বুক হাউস,
_cc1997.
300 _axlvii, 568 p. :
_c22 cm.
650 0 _926
_aLaw
856 _k0
_l0
_yDownload
942 _2ddc
_cBK
999 _c6549
_d6549